[Event "TCh-CHN 2012"]
[Site "Hangzhou CHN"]
[Date "2012.09.23"]
[Round "12"]
[White "Wan Yunguo"]
[Black "Motylev,A"]
[Result "0-1"]
[WhiteElo "2441"]
[BlackElo "2683"]

1.e4 d5 2.exd5 Qxd5 3.Nc3 Qd6 4.d4 Nf6 5.Nf3 g6 6.Nb5 Qb6 7.c4 c6 8.Nc3 Bg7
9.h3 O-O 10.Bd3 Nbd7 11.O-O Re8 12.Re1 Qc7 13.Bg5 Nf8 14.Qd2 Ne6 15.Be3 b6
16.Rac1 Bb7 17.c5 bxc5 18.dxc5 Rad8 19.Qc2 Nf4 20.Bxf4 Qxf4 21.Bf1 Bc8 22.Qb3 Be6
23.Qb7 Nd5 24.Ne4 Qc7 25.Qxc7 Nxc7 26.b3 Bd5 27.Bc4 Ne6 28.b4 Rb8 29.Bxd5 cxd5
30.Nc3 Bxc3 31.Rxc3 Rxb4 32.Ra3 Rb7 33.c6 Rc7 34.Rb1 Rec8 35.Ra5 Rxc6 36.Rxd5 Rc1+
37.Rd1 Rxd1+ 38.Rxd1 Kg7 39.g3 Rc3 40.Ne5 Rc5 41.Ng4 Ra5 42.Rd7 Kf8 43.Rd2 h5
44.Ne3 Ra4 45.Kg2 h4 46.gxh4 Rxh4 47.Kg3 Ra4 48.Rb2 Nc5 49.Kf3 Kg7 50.Rc2 Ne6
51.Kg3 Ra3 52.Rd2 Ng5 53.Kg2 Ne4 54.Rc2 e6 55.Ng4 Nc3 56.Ne5 Nd5 57.h4 Kf6
58.Ng4+ Ke7 59.Ne5 Nf4+ 60.Kg1 f6 61.Nc6+ Kd6 62.Nd4 Ra5 63.f3 Rd5 64.Nb3 Rh5
65.Nd2 f5 66.Nc4+ Ke7 67.Ne3 a5 68.Ng2 Nxg2 69.Rxg2 Kf6 70.Rh2 f4 71.Kf1 e5
72.Rb2 Rxh4 73.Rb5 g5 74.Rxa5 g4 75.fxg4 Rxg4 76.a4 Rg3 77.Ra8 Ra3 78.a5 Kf5
79.a6 Ke4 80.a7 Kf3  0-1

[Event "13th Karpov GM"]
[Site "Poikovsky RUS"]
[Date "2012.09.29"]
[Round "2"]
[White "Wang Yue"]
[Black "Motylev,A"]
[Result "0-1"]
[WhiteElo "2691"]
[BlackElo "2658"]

1.d4 d5 2.c4 c6 3.Nf3 Nf6 4.e3 Bf5 5.Nc3 e6 6.Nh4 Bg6 7.Nxg6 hxg6 8.Bd2 Nbd7
9.Rc1 a6 10.g3 Be7 11.b3 Ne4 12.Nxe4 dxe4 13.Bg2 f5 14.Bc3 Bd6 15.Kd2 Qe7
16.Kc2 a5 17.a4 Nf6 18.Qe2 Bb4 19.Ba1 b5 20.c5 Qd7 21.Bb2 bxa4 22.bxa4 Rb8
23.h3 Qd5 24.Rb1 Kf7 25.Bf1 Ng4 26.Ra1 Rb7 27.Qa6 Qd7 28.Qe2 Nf6 29.Bg2 Rhb8
30.Ra2 Nd5 31.Rd1 Be1 32.Ba3 Nc3 33.Qxe1 Nxa2  0-1

[Event "13th Karpov GM"]
[Site "Poikovsky RUS"]
[Date "2012.09.30"]
[Round "3"]
[White "Motylev,A"]
[Black "Bologan,V"]
[Result "1/2-1/2"]
[WhiteElo "2658"]
[BlackElo "2712"]

1.e4 c5 2.Nf3 e6 3.d4 cxd4 4.Nxd4 a6 5.Bd3 Nf6 6.O-O e5 7.Bg5 h6 8.Bxf6 Qxf6
9.Nb3 Qd8 10.Nc3 Be7 11.a4 d6 12.Bc4 O-O 13.a5 Be6 14.Nd5 Nd7 15.Nd2 Rc8
16.b3 Rc5 17.b4 Rc6 18.Bb3 Nf6 19.c4 g6 20.f4 exf4 21.Nxf4 Kg7 22.Nxe6+ fxe6
23.Nf3 e5 24.Qd3 Qc7 25.Nh4 Nh7 26.Rxf8 Nxf8 27.Nf3 Ne6 28.g3 Bf6 29.Rd1 Nd4
30.Nxd4 exd4 31.e5 dxe5 32.c5 Bg5 33.Rf1 Be3+ 34.Kg2 Rf6 35.Rxf6 Kxf6 36.Bd5 Kg7
37.Be4 Qf7 38.Qc2 g5 39.h3 h5 40.Qe2 h4 41.gxh4 Qf4 42.Qf3 Bd2 43.hxg5 Qxg5+
44.Qg3 Kf6 45.Qxg5+ Kxg5 46.Kf3 Bxb4 47.Bxb7 Bxc5 48.Ke4  1/2-1/2

[Event "13th Karpov GM"]
[Site "Poikovsky RUS"]
[Date "2012.10.01"]
[Round "4"]
[White "Short,N"]
[Black "Motylev,A"]
[Result "1/2-1/2"]
[WhiteElo "2698"]
[BlackElo "2658"]

1.e4 c6 2.Nc3 d5 3.Nf3 Bg4 4.h3 Bxf3 5.Qxf3 Nf6 6.d3 e6 7.Bd2 Nbd7 8.g4 d4
9.Ne2 Qb6 10.Rb1 h6 11.Qg3 g5 12.Bg2 h5 13.O-O hxg4 14.hxg4 Qc5 15.Rfc1 Bd6
16.b4 Bxg3 17.bxc5 Bh2+ 18.Kf1 Nxg4 19.Nxd4 O-O-O 20.f3 Be5 21.Ne2 Nh2+ 22.Kf2 g4
23.f4 Bf6 24.Ng3 Nxc5 25.Be3 Be7 26.Rh1 Na4 27.Rb3 Kc7 28.e5 Nc5 29.Rbb1 b6
30.d4 Nb7 31.f5 f6 32.exf6 Bxf6 33.fxe6 Nd6 34.c3 Bh4 35.Rxh2 Bxg3+ 36.Kxg3 Nf5+
37.Kf4 Nxe3 38.e7 Nxg2+ 39.Rxg2 Rde8 40.Re1  1/2-1/2

[Event "13th Karpov GM"]
[Site "Poikovsky RUS"]
[Date "2012.10.02"]
[Round "5"]
[White "Motylev,A"]
[Black "Jakovenko,D"]
[Result "1/2-1/2"]
[WhiteElo "2658"]
[BlackElo "2724"]

1.c4 c6 2.e4 d5 3.exd5 cxd5 4.d4 Nf6 5.Nc3 e6 6.Nf3 Bb4 7.cxd5 Nxd5 8.Bd2 Nc6
9.Bd3 O-O 10.O-O Be7 11.Qe2 Nf6 12.Ne4 Qb6 13.Be3 Nd5 14.Rac1 Rd8 15.a3  1/2-1/2

[Event "13th Karpov GM"]
[Site "Poikovsky RUS"]
[Date "2012.10.04"]
[Round "6"]
[White "Onischuk,Al"]
[Black "Motylev,A"]
[Result "1/2-1/2"]
[WhiteElo "2672"]
[BlackElo "2658"]

1.d4 d5 2.c4 c6 3.Nc3 Nf6 4.e3 e6 5.Nf3 Nbd7 6.Qc2 Bd6 7.Be2 O-O 8.O-O b6
9.b3 Bb7 10.Bb2 Qe7 11.cxd5 exd5 12.Nd2 Rfe8 13.Bf3 c5 14.Qf5 g6 15.Qd3 cxd4
16.Qxd4 Be5 17.Qh4 Ne4 18.Qxe7 Rxe7 19.Bxe4 dxe4 20.Nc4 Bg7 21.Rfd1 Nc5 22.Nd5 Bxd5
23.Rxd5 Bxb2 24.Nxb2 Na6 25.Kf1  1/2-1/2

[Event "13th Karpov GM"]
[Site "Poikovsky RUS"]
[Date "2012.10.05"]
[Round "7"]
[White "Motylev,A"]
[Black "Rublevsky,S"]
[Result "1-0"]
[WhiteElo "2658"]
[BlackElo "2693"]

1.e4 c5 2.Nf3 e6 3.d4 cxd4 4.Nxd4 Nc6 5.Nc3 Qc7 6.Be3 a6 7.Qd2 Nf6 8.O-O-O Nxd4
9.Qxd4 Ng4 10.Qb6 Qc6 11.Bd4 e5 12.Be3 Be7 13.Kb1 Bd8 14.Qb4 Be7 15.Qb3 Nxe3
16.fxe3 b5 17.Nd5 Bd8 18.c4 O-O 19.cxb5 axb5 20.Bxb5 Qg6 21.Bc4 Qxe4+ 22.Ka1 d6
23.Nc3 Qxe3 24.Rhf1 Bf6 25.Rxd6 Kh8 26.Rd3 Qg5 27.Rg3 Qh4 28.Bd5 Be6 29.Qc2 e4
30.Bxa8 Rxa8 31.a3 Bc4 32.Rh3 Bd3 33.Rxh4 Bxc2 34.Rxf6 gxf6 35.Nxe4 Re8 36.Nc5 Re2
37.g3 f5 38.Ka2 Be4 39.a4 Kg7 40.Ka3 Kg6 41.a5 Bd5 42.Rd4 Bh1 43.a6 Rxh2
44.b4 Rh3 45.b5 f4 46.Rxf4  1-0

[Event "13th Karpov GM"]
[Site "Poikovsky RUS"]
[Date "2012.10.06"]
[Round "8"]
[White "Motylev,A"]
[Black "Ponomariov,R"]
[Result "1/2-1/2"]
[WhiteElo "2658"]
[BlackElo "2729"]

1.e4 e5 2.Nf3 Nc6 3.Bb5 a6 4.Bxc6 dxc6 5.O-O Ne7 6.Nxe5 Qd4 7.Qh5 g6 8.Qg5 Bg7
9.Nd3 f5 10.e5 c5 11.b3 b6 12.Bb2 Qg4 13.Qe3 Nd5 14.Qe1 Bb7 15.f3 Qg5 16.Nc3 O-O-O
17.Nxd5 Bxd5 18.Qe2 f4 19.b4 c4 20.Nf2 Rhe8 21.Rfe1 Qe7 22.a3 Bf6 23.d3 cxd3
24.Nxd3 Bh4 25.Nxf4 Bxe1 26.Rxe1 Bb7 27.e6 Qh4 28.g3 Qe7 29.h4 g5 30.hxg5 Qxg5
31.Kf2 Rg8 32.Rg1 Bc6  1/2-1/2

[Event "13th Karpov GM"]
[Site "Poikovsky RUS"]
[Date "2012.10.07"]
[Round "9"]
[White "Bruzon Batista,L"]
[Black "Motylev,A"]
[Result "1/2-1/2"]
[WhiteElo "2713"]
[BlackElo "2658"]

1.d4 d5 2.Nf3 Nf6 3.c4 c6 4.e3 Bf5 5.cxd5 cxd5 6.Qb3 Qc7 7.Bd2 Nc6 8.Bb5 e6
9.O-O Bd6 10.Bb4 O-O 11.Bxc6 Bxb4 12.Qxb4 Qxc6 13.Ne5 Qc7  1/2-1/2

[Event "28th European Club Cup"]
[Site "Eilat ISR"]
[Date "2012.10.11"]
[Round "1.7"]
[White "Motylev,A"]
[Black "Goldstern,F"]
[Result "1-0"]
[WhiteElo "2655"]
[BlackElo "2334"]

1.e4 c5 2.Nf3 e6 3.d4 cxd4 4.Nxd4 a6 5.Bd3 Nf6 6.O-O d6 7.c4 Be7 8.Nc3 O-O
9.Qe2 b6 10.b3 Bb7 11.Bb2 Nbd7 12.f4 Nc5 13.Bc2 g6 14.Rad1 Qc7 15.f5 e5 16.Nf3 b5
17.b4 Ncd7 18.cxb5 axb5 19.Bb3 d5 20.exd5 Bxb4 21.Ne4 Nxe4 22.Qxe4 Bc3 23.Bxc3 Qxc3
24.Rc1 Nc5 25.Rxc3 Nxe4 26.Rc7 Nd6 27.Nxe5 gxf5 28.Nc6 Bxc6 29.dxc6 Rac8
30.Rxc8 Rxc8 31.Bd5 Kg7 32.Rc1 Nc4 33.Kf2 Kf6 34.Rc2 Na3 35.Rc5 Ke5 36.Bf3+ Ke6
37.Kg3 Rc7 38.Kf4 b4 39.Rxf5 f6 40.Rh5 Nb1 41.Be4 Nc3 42.Rxh7  1-0

[Event "28th European Club Cup"]
[Site "Eilat ISR"]
[Date "2012.10.12"]
[Round "2.6"]
[White "Caspi,I"]
[Black "Motylev,A"]
[Result "0-1"]
[WhiteElo "2451"]
[BlackElo "2655"]

1.e4 d5 2.exd5 Qxd5 3.Nc3 Qd6 4.d4 Nf6 5.Nf3 g6 6.g3 Bg7 7.Bg2 Qa6 8.Bf1 Qb6
9.Bg2 Qa6 10.Bf1 Qa5 11.Bg2 O-O 12.O-O Rd8 13.Bd2 Nc6 14.Ne2 Qa6 15.Re1 Bg4
16.Qc1 Bxf3 17.Bxf3 e5 18.dxe5 Nxe5 19.Bg2 Nfg4 20.Bg5 Nxf2 21.Rf1 Nfg4 22.Bxd8 Rxd8
23.Nc3 Qb6+ 24.Kh1 Nf2+ 25.Rxf2 Qxf2 26.Ne4 Qe2 27.h3 c6 28.Qg5 Rd4 29.Qf4 Rd1+
30.Rxd1 Qxd1+ 31.Kh2 Qxc2 32.Nf6+ Bxf6 33.Qxf6 Qxb2  0-1

[Event "28th European Club Cup"]
[Site "Eilat ISR"]
[Date "2012.10.13"]
[Round "3.2"]
[White "Avrukh,B"]
[Black "Motylev,A"]
[Result "0-1"]
[WhiteElo "2585"]
[BlackElo "2655"]

1.d4 d5 2.c4 c6 3.Nf3 Nf6 4.g3 dxc4 5.Bg2 Nbd7 6.O-O g6 7.Nc3 Bg7 8.e4 O-O
9.Qe2 Nb6 10.a4 a5 11.h3 e5 12.dxe5 Nfd7 13.Bg5 Qe8 14.Qe3 Ra6 15.Rfd1 Nxe5
16.Rd8 Nxf3+ 17.Bxf3 Qe5 18.Rad1 Bxh3 19.g4 f5 20.Rxf8+ Bxf8 21.Rd8 Bxg4
22.Bh6 Ra8 23.Qxb6 Rxd8 24.Qxd8 Qd6 25.Qxd6 Bxd6 26.Bxg4 fxg4 27.Be3 Kf7
28.Bb6 Bb4 29.Nd1 Bd2 30.Kf1 h5 31.Ke2 Bb4 32.Ne3 c3 33.b3 Kf6 34.Kd3 Kg5
35.Bc7 h4 36.Nd1 Bc5 37.Nxc3 Bxf2 38.Ke2 Bd4 39.Nd1 b6 40.Nf2 g3 41.Bd8+ Kh5
42.e5 g2 43.Nh3 Kg4 44.Nf2+ Kf5 45.Nh3 g1=Q 46.Nxg1 Bxg1 47.Bxh4 Kxe5 48.Bd8 Ke4
49.Kf1 Be3 50.Ke2 g5 51.Bc7 g4 52.Bg3 Bf4  0-1

[Event "28th European Club Cup"]
[Site "Eilat ISR"]
[Date "2012.10.15"]
[Round "5.1"]
[White "Efimenko,Z"]
[Black "Motylev,A"]
[Result "1/2-1/2"]
[WhiteElo "2689"]
[BlackElo "2655"]

1.e4 c6 2.d4 d5 3.Nc3 dxe4 4.Nxe4 Bf5 5.Ng3 Bg6 6.Nh3 Nd7 7.Bc4 e6 8.O-O Ngf6
9.f4 Nb6 10.Bb3 Qd7 11.c3 Bd6 12.Qf3 Qc7 13.Kh1 O-O 14.f5 exf5 15.Nxf5 Bxh2
16.Nxg7 Ne4 17.Nh5 Rae8 18.N3f4 Bxf4 19.Nxf4 Nd5 20.Kg1 Qd8 21.Nxd5 cxd5
22.Bh6 Re6 23.Bxf8 Kxf8 24.Qf4 Kg7 25.Rae1 b5 26.Bd1 h5 27.Qh2 Qg5 28.Rf4 Ng3
29.Ref1 Re4 30.R4f3 h4 31.Qh3 Bh5 32.Rxg3 hxg3 33.Qxh5 Qe3+ 34.Kh1 f5 35.Bf3 Qf2
36.Qg5+ Kh8 37.Qf6+ Kg8 38.Qg6+ Kh8 39.Qh6+ Kg8 40.Qg5+ Kh8 41.Qf6+ Kg8 42.Qg6+ Kh8
43.Qh6+  1/2-1/2

[Event "Bundesliga 2012-13"]
[Site "Muelheim GER"]
[Date "2012.10.20"]
[Round "1"]
[White "Berkes,F"]
[Black "Motylev,A"]
[Result "1/2-1/2"]
[WhiteElo "2679"]
[BlackElo "2655"]

1.d4 d5 2.c4 c6 3.Nf3 Nf6 4.Nc3 e6 5.Qb3 dxc4 6.Qxc4 b5 7.Qd3 a6 8.Bg5 c5
9.Bxf6 gxf6 10.e3 Bb7 11.Be2 f5 12.O-O Rg8 13.Rfd1 c4 14.Qc2 Nc6 15.a3 Bd6
16.g3 Qc7 17.Bf1 Nb4 18.Qe2 Nd3 19.Bg2 O-O-O 20.b3 f4 21.bxc4 fxg3 22.fxg3 bxc4
23.Rab1 Bxg3 24.hxg3 Rxg3 25.Rxb7 Qxb7 26.Rb1  1/2-1/2

[Event "Bundesliga 2012-13"]
[Site "Muelheim GER"]
[Date "2012.10.21"]
[Round "2"]
[White "Motylev,A"]
[Black "Baramidze,D"]
[Result "1-0"]
[WhiteElo "2655"]
[BlackElo "2615"]

1.e4 e5 2.Nf3 Nc6 3.Bb5 a6 4.Ba4 Nf6 5.O-O Be7 6.Re1 b5 7.Bb3 d6 8.c3 O-O
9.h3 Nb8 10.d4 Nbd7 11.Nbd2 Bb7 12.Bc2 Re8 13.Nf1 Bf8 14.Ng3 g6 15.a4 c5
16.d5 c4 17.Bg5 h6 18.Be3 Qc7 19.Qd2 h5 20.Ng5 Bg7 21.Qe2 Nc5 22.Ra3 Nfd7
23.Rf1 Re7 24.Rfa1 Ree8 25.Nf1 Nb6 26.Nd2 Bf6 27.g4 hxg4 28.Qxg4 Kg7 29.axb5 axb5
30.Rxa8 Nxa8 31.f4 exf4 32.Bxf4 Nb6 33.Rf1 Nd3 34.Bxd3 cxd3 35.Qh4 Nxd5 36.Qh7+ Kf8
37.Bxd6+  1-0

[Event "Bundesliga 2012-13"]
[Site "Baden Baden GER"]
[Date "2012.12.08"]
[Round "5"]
[White "Vallejo Pons,F"]
[Black "Motylev,A"]
[Result "1/2-1/2"]
[WhiteElo "2700"]
[BlackElo "2655"]

1.e4 c6 2.Nc3 d5 3.Nf3 Bg4 4.h3 Bxf3 5.Qxf3 Nf6 6.d3 e6 7.Bd2 d4 8.Nd1 c5
9.g3 Nc6 10.Bg2 h5 11.h4 g6 12.Qe2 Bg7 13.f4 Qb6 14.b3 Ng4 15.Rc1 O-O 16.O-O f5
17.Nf2 Rae8 18.Nxg4 hxg4 19.e5 Nb4 20.a3 Nd5 21.Ra1  1/2-1/2

[Event "Bundesliga 2012-13"]
[Site "Baden Baden GER"]
[Date "2012.12.09"]
[Round "6"]
[White "Motylev,A"]
[Black "Sanikidze,T"]
[Result "1/2-1/2"]
[WhiteElo "2655"]
[BlackElo "2580"]

1.e4 e5 2.Nf3 Nc6 3.Bb5 a6 4.Ba4 Nf6 5.O-O Be7 6.Re1 b5 7.Bb3 d6 8.c3 O-O
9.h3 Nd7 10.d4 Bf6 11.a4 Bb7 12.Na3 Nb6 13.d5 Ne7 14.axb5 axb5 15.Be3 c6
16.Qe2 Rb8 17.dxc6 Bxc6 18.Rad1 Bxe4 19.Nxe5 Bxe5 20.Bxb6 Qxb6 21.Qxe4 b4
22.Nc4 Qc5 23.Nxe5 dxe5 24.Bc2 Ng6 25.Rd5 Qc7 26.Qe3 bxc3 27.bxc3 Rbc8 28.Bxg6 hxg6
29.Rc1 f6 30.c4 Rfd8 31.Qd3 Rxd5 32.Qxd5+ Qf7 33.Qd3 Rc5 34.h4 f5 35.g3 Kh7
36.Kh2 Qe6  1/2-1/2

[Event "Amplico ch-EUR Blitz"]
[Site "Warsaw POL"]
[Date "2012.12.14"]
[Round "1.1"]
[White "Motylev,A"]
[Black "Minas,I"]
[Result "1-0"]
[WhiteElo "2677"]
[BlackElo "1972"]

1.e4 e5 2.Nf3 Nc6 3.Bb5 f5 4.Nc3 Nf6 5.Bxc6 dxc6 6.Qe2 Bd6 7.d4 exd4 8.e5 O-O
9.Qc4+ Kh8 10.Qxd4 c5 11.Qh4 Be7 12.exf6 Bxf6 13.Bg5 Re8+ 14.Kf1 b6 15.Bxf6 Ba6+
16.Kg1 gxf6 17.h3 Qd6 18.Rd1 Qe7 19.Kh2 Qg7 20.Qf4 Rad8 21.Rde1 h6 22.Nh4 Rd4
23.Rxe8+ Kh7 24.Qxf5+  1-0

[Event "Amplico ch-EUR Blitz"]
[Site "Warsaw POL"]
[Date "2012.12.14"]
[Round "2.2"]
[White "Motylev,A"]
[Black "Bezuch,M"]
[Result "1-0"]
[WhiteElo "2677"]
[BlackElo "2302"]

1.e4 g6 2.d4 Bg7 3.Nc3 d6 4.Bg5 a6 5.f4 h6 6.Bh4 Nc6 7.d5 Nd4 8.Bf2 c5 9.dxc6 Nxc6
10.Nd5 Be6 11.Bb6 Qc8 12.Nc7+ Kf8 13.Nxa8 Qxa8 14.c3 Nf6 15.Bd3 Nd7 16.Be3 Nc5
17.Ne2 b5 18.O-O Na5 19.f5 gxf5 20.Nd4 Nxd3 21.Nxe6+ fxe6 22.Qxd3 Rg8 23.exf5 Bd4
24.fxe6+ Ke8 25.Rf2  1-0

[Event "Amplico ch-EUR Blitz"]
[Site "Warsaw POL"]
[Date "2012.12.14"]
[Round "2.1"]
[White "Bezuch,M"]
[Black "Motylev,A"]
[Result "0-1"]
[WhiteElo "2302"]
[BlackElo "2677"]

1.e4 d6 2.Nf3 Nf6 3.d3 c5 4.g3 g6 5.Bg2 Bg7 6.O-O O-O 7.c3 c4 8.Re1 cxd3
9.Qxd3 Nbd7 10.Qe2 Rb8 11.e5 dxe5 12.Nxe5 e6 13.Na3 Nxe5 14.Qxe5 Nd7 15.Qe2 a6
16.Bf4 e5 17.Be3 b5 18.Rad1 Qc7 19.Bg5 Re8 20.Nc2 Bb7 21.Bh3 Nb6 22.Be3 Nc4
23.Bc1 Qc6 24.f3 Qxf3 25.Qxf3 Bxf3 26.Rd7 Red8 27.Ra7 Bf8 28.Rxa6 Bc5+ 29.Kf1 Rd2
30.Bxd2 Nxd2+  0-1

[Event "Amplico ch-EUR Blitz"]
[Site "Warsaw POL"]
[Date "2012.12.14"]
[Round "4.1"]
[White "Banusz,T"]
[Black "Motylev,A"]
[Result "1-0"]
[WhiteElo "2580"]
[BlackElo "2677"]

1.c4 g6 2.Nf3 Bg7 3.e4 d6 4.d4 Bg4 5.Be2 Nc6 6.Nbd2 e5 7.d5 Nce7 8.O-O Bd7
9.b4 a5 10.bxa5 Rxa5 11.Nb3 Ra4 12.Qc2 b6 13.Nfd2 Nf6 14.Nb1 O-O 15.Nc3 Ra8
16.a4 c5 17.Nb5 Ne8 18.Bd2 f5 19.f3 Nc8 20.a5 bxa5 21.Nxa5 Qh4 22.g3 Qh5
23.Nc6 Rxa1 24.Rxa1 fxe4 25.Qxe4 Bf5 26.Qe3 Qh3 27.Bf1 Qh5 28.g4 Bxg4 29.fxg4 Qxg4+
30.Qg3 Qe4 31.Bd3 Nf6 32.Bxe4 Nxe4 33.Qg2  1-0

[Event "Amplico ch-EUR Blitz"]
[Site "Warsaw POL"]
[Date "2012.12.14"]
[Round "4.2"]
[White "Motylev,A"]
[Black "Banusz,T"]
[Result "1-0"]
[WhiteElo "2677"]
[BlackElo "2580"]

1.e4 e5 2.Nf3 Nc6 3.Bb5 a6 4.Bxc6 dxc6 5.O-O Ne7 6.Nxe5 Qd4 7.Qh5 g6 8.Qg5 Bg7
9.Nd3 f5 10.e5 c5 11.b3 b6 12.Bb2 Qg4 13.Qe3 Nd5 14.Qe1 Bb7 15.f3 Qh5 16.c4 Ne7
17.Nf4 Qh6 18.Ne6 Rc8 19.d4 cxd4 20.Bxd4 g5 21.Nxg7+ Qxg7 22.Bc3 Rg8 23.e6 Qg6
24.Na3 f4 25.h3 h5 26.Qe5 g4 27.fxg4 hxg4 28.Qxf4 Qxe6 29.Rae1 gxh3 30.g3 h2+
31.Kxh2 Qg6 32.Rxe7+ Kxe7 33.Bf6+ Kd7 34.Qd4+ Ke6 35.Qe5+ Kd7 36.Rd1+  1-0

[Event "Amplico ch-EUR Blitz"]
[Site "Warsaw POL"]
[Date "2012.12.14"]
[Round "5.1"]
[White "Motylev,A"]
[Black "Drozdowski,K"]
[Result "1-0"]
[WhiteElo "2677"]
[BlackElo "2426"]

1.e4 c5 2.Nf3 e6 3.d4 cxd4 4.Nxd4 a6 5.Bd3 Nf6 6.O-O d6 7.c4 Nbd7 8.Nc3 Be7
9.b3 O-O 10.Bb2 Qc7 11.Qe2 b6 12.f4 Bb7 13.Rae1 Qc5 14.Kh1 Qh5 15.Nf3 Rfe8
16.Bb1 Bf8 17.Qd2 Rad8 18.Nd4 Nc5 19.b4 Ncd7 20.a3 d5 21.cxd5 exd5 22.e5 Ne4
23.Qe3 a5 24.bxa5 bxa5 25.Nxe4 dxe4 26.Bxe4 Bxe4 27.Qxe4 Nf6 28.Qf3 Qxf3
29.Rxf3 Nd5 30.Nc6 Ra8 31.Rd1 Nb6 32.Bd4 Nc4 33.a4 Rec8 34.Na7 Rd8 35.Nb5 Rab8
36.Rfd3 h5 37.g3 Bb4 38.Ba7 Rxd3 39.Rxd3 Ra8 40.Bd4 Rd8 41.Rb3 Nd2 42.Rb2 h4
43.Kg2 hxg3 44.hxg3 Nc4 45.Rc2 Rxd4 46.Na3 Rd1 47.Nb5 Rd8 48.g4 g5 49.f5 Rd5
50.Re2 Kf8 51.Kf3 Rd1 52.Rh2 Kg8 53.Rh5 Rf1+ 54.Ke2 Ra1 55.Rxg5+ Kf8 56.f6 Rxa4
57.Rh5 Ra2+ 58.Kd3 Rd2+ 59.Ke4 Kg8 60.Rg5+ Kf8 61.Nc7 a4 62.e6 fxe6 63.Rg7 Re2+
64.Kd3 Re1 65.g5 a3 66.Rh7 Rd1+ 67.Kc2 Rd6 68.g6 Rc6 69.Kb3 Kg8 70.f7+ Kf8
71.Kxb4 a2 72.Rh8+  1-0

[Event "Amplico ch-EUR Blitz"]
[Site "Warsaw POL"]
[Date "2012.12.14"]
[Round "6.2"]
[White "Motylev,A"]
[Black "Andriasian,Z"]
[Result "1-0"]
[WhiteElo "2677"]
[BlackElo "2605"]

1.e4 c5 2.Nc3 d6 3.f4 Nc6 4.Nf3 g6 5.Bb5 Bd7 6.O-O Bg7 7.Bc4 Na5 8.Be2 e6
9.d4 Ne7 10.Be3 Rc8 11.Nb5 Bxb5 12.Bxb5+ Kf8 13.dxc5 d5 14.e5 Nf5 15.Bf2 h5
16.c3 Bh6 17.g3 Kg7 18.Bd3 Nc6 19.Bxf5 gxf5 20.b4 Ne7 21.h4 Ng6 22.Nd4 Kg8
23.Qf3 Rh7 24.Kh2 Bf8 25.Rfd1 Be7 26.Kh3 Qf8 27.Nb5 Qh6 28.Be3 Rg7 29.Nxa7 Ra8
30.Nb5 Kh7 31.Nd6 Rag8 32.Bf2 Bxh4 33.gxh4 Nxf4+ 34.Kh2 Rg2+ 35.Kh1 Ne2 36.Nxf7 Qf4
37.Qxf4 Nxf4 38.Rf1 R8g4 39.Ng5+ Kg6 40.Nf3 Nh3 41.Bd4 f4 42.Rae1 Rxa2 43.Rg1 Nxg1
44.Rxg1 Kf5 45.Rf1 Rg3 46.Bg1 Ke4 47.Ng5+ Kf5 48.Bh2 Kg4 49.Nxe6 f3 50.Bxg3 Kxg3
51.Rg1+ Kf2 52.Nf4 Ke3 53.Nh3 Re2 54.Rf1 f2 55.Rxf2 Re1+ 56.Kg2 Kd3 57.Nf4+ Kxc3
58.e6 d4 59.Rf3+ d3 60.Rxd3+  1-0

[Event "Amplico ch-EUR Blitz"]
[Site "Warsaw POL"]
[Date "2012.12.14"]
[Round "7.1"]
[White "Motylev,A"]
[Black "Stupak,K"]
[Result "1-0"]
[WhiteElo "2677"]
[BlackElo "2526"]

1.e4 e6 2.d4 d5 3.Nc3 Bb4 4.e5 b6 5.a3 Bf8 6.Bb5+ c6 7.Ba4 Ba6 8.Nf3 Ne7
9.Ne2 Bb5 10.Bb3 c5 11.c3 Nbc6 12.O-O Nf5 13.Re1 Be7 14.Nf4 cxd4 15.Nxd4 Nfxd4
16.cxd4 g6 17.Be3 Qd7 18.Rc1 Na5 19.Ba2 Nc4 20.Nd3 Nxe3 21.fxe3 O-O 22.Nf4 Rac8
23.Bb1 Rxc1 24.Qxc1 Rc8 25.Qd2 Qc7 26.Qf2 Bf8 27.h4 Qe7 28.Qg3 Bh6 29.Nh3 Kh8
30.Qf2 Bg7 31.h5 Rf8 32.Qf4 f6 33.h6 fxe5 34.hxg7+ Qxg7 35.Qxe5  1-0

[Event "Amplico ch-EUR Blitz"]
[Site "Warsaw POL"]
[Date "2012.12.14"]
[Round "7.2"]
[White "Stupak,K"]
[Black "Motylev,A"]
[Result "0-1"]
[WhiteElo "2526"]
[BlackElo "2677"]

1.d4 d6 2.g3 g6 3.Bg2 Bg7 4.e4 e5 5.Ne2 Nf6 6.Nbc3 O-O 7.O-O c6 8.a4 a5 9.h3 Na6
10.Be3 Nb4 11.Qd2 Be6 12.Rad1 Qc8 13.Kh2 d5 14.exd5 Nfxd5 15.Nxd5 Bxd5 16.c3 Bxg2
17.Kxg2 Nd5 18.Bh6 Bxh6 19.Qxh6 Qf5 20.dxe5 Qe4+ 21.Kg1 Qxe2 22.Rfe1 Qxb2
23.Re4 Qc2 24.Rde1 f5  0-1

[Event "Amplico ch-EUR Blitz"]
[Site "Warsaw POL"]
[Date "2012.12.14"]
[Round "8.2"]
[White "Motylev,A"]
[Black "Vachier Lagrave,M"]
[Result "0-1"]
[WhiteElo "2677"]
[BlackElo "2711"]

1.e4 c5 2.Nf3 e6 3.d4 cxd4 4.Nxd4 a6 5.Bd3 Bc5 6.Nb3 Be7 7.Qg4 g6 8.Qe2 d6
9.a4 Nc6 10.a5 Nf6 11.Bh6 Bf8 12.Be3 Bg7 13.Nc3 O-O 14.O-O Re8 15.Na4 d5
16.Bb6 Qd6 17.Bc5 Qc7 18.Nb6 Rb8 19.exd5 exd5 20.Nxd5 Qd8 21.Bb6 Qxd5 22.Qd1 Bg4
23.f3 Bf5 24.Bxf5 Qxf5 25.c4 Nd7 26.Bc7 Rbc8 27.Bg3 Nde5 28.Rc1 Rcd8  0-1

[Event "Amplico ch-EUR Blitz"]
[Site "Warsaw POL"]
[Date "2012.12.14"]
[Round "8.1"]
[White "Vachier Lagrave,M"]
[Black "Motylev,A"]
[Result "1/2-1/2"]
[WhiteElo "2711"]
[BlackElo "2677"]

1.c4 g6 2.g3 Bg7 3.Bg2 e5 4.Nc3 Ne7 5.Nf3 O-O 6.O-O Nbc6 7.e3 d5 8.cxd5 Nxd5
9.Nxe5 Nxc3 10.Nxc6 Nxd1 11.Nxd8 Nxe3 12.fxe3 Rxd8 13.d4 c6 14.Bd2 Be6 15.Bc3 a5
16.a3 Bd5 17.Rad1 f5 18.Rfe1 Re8 19.Bxd5+ cxd5 20.Rc1 b6 21.Bd2 Rac8 22.a4 Bf8
23.Kf2 Kf7 24.Ke2 h5 25.Kd3 Bd6 26.Rxc8 Rxc8 27.Rb1 Bb4 28.Bxb4 axb4 29.Ra1 Ke6
30.a5 bxa5 31.Rxa5 b3 32.Rc5 Ra8 33.Rc6+ Kf7 34.Kc3 Re8 35.Kd2 Ra8 36.Rc3 Ra1
37.Rxb3 Rh1 38.h4 Rg1 39.Rb7+ Kf6 40.Rb6+ Kf7 41.Rd6 Rg2+ 42.Kd3 Rxb2 43.Rxd5 Rg2
44.Rd7+ Ke6 45.Rc7 Rxg3 46.Rc6+ Ke7 47.d5 f4 48.Re6+ Kd7 49.Ke2 fxe3 50.Rxe3 Rg4
51.Re6 Rxh4  1/2-1/2

[Event "Amplico ch-EUR Blitz"]
[Site "Warsaw POL"]
[Date "2012.12.14"]
[Round "9.2"]
[White "Fridman,D"]
[Black "Motylev,A"]
[Result "1-0"]
[WhiteElo "2667"]
[BlackElo "2677"]

1.c4 g6 2.Nf3 Bg7 3.d4 d6 4.Nc3 Nd7 5.e4 e5 6.d5 a5 7.g3 Bh6 8.Bg2 Nc5 9.O-O Bxc1
10.Rxc1 Ne7 11.b3 O-O 12.a3 f5 13.b4 axb4 14.axb4 Nxe4 15.Nxe4 fxe4 16.Nd2 e3
17.fxe3 Nf5 18.Qb3 Qg5 19.Rce1 Bd7 20.Ne4 Qe7 21.Rf2 Ra7 22.g4 Nh4 23.Rxf8+ Kxf8
24.Rf1+ Kg7 25.Nf6 Bf5 26.g5 h6 27.gxh6+ Kxf6 28.e4 Ra8 29.Qg3 g5 30.Bh3 Kg6
31.exf5+ Kxh6 32.f6 Qh7 33.f7 Qg7 34.Be6 Rf8 35.Qh3 Qg6 36.Qg3 Kg7 37.Qg4 e4
38.Kh1 Nf3 39.Bf5 Qh6 40.Rf2 Qh4 41.Qxh4 Nxh4 42.Bxe4 Rxf7 43.Rxf7+ Kxf7
44.Kg1  1-0

[Event "Amplico ch-EUR Blitz"]
[Site "Warsaw POL"]
[Date "2012.12.14"]
[Round "9.1"]
[White "Motylev,A"]
[Black "Fridman,D"]
[Result "0-1"]
[WhiteElo "2677"]
[BlackElo "2667"]

1.e4 e6 2.d4 d5 3.Nc3 Nf6 4.e5 Nfd7 5.f4 c5 6.Nf3 Nc6 7.Be3 Qb6 8.Na4 Qa5+
9.c3 b6 10.Kf2 Ba6 11.b3 Bxf1 12.Rxf1 Rc8 13.Kg1 Be7 14.Qd3 c4 15.Qc2 b5
16.Nc5 Nxc5 17.dxc5 b4 18.Qf2 bxc3 19.bxc4 dxc4 20.f5 exf5 21.Ng5 O-O 22.Qxf5 Bxg5
23.Qxg5 Rce8 24.Rf5 Re6 25.Qf4 Ne7 26.Rh5 Qb4 27.Rf1 Ng6 28.Qg3 c2 29.Bd4 Qd2
30.Qf2 c1=Q  0-1

[Event "Amplico ch-EUR Rapid"]
[Site "Warsaw POL"]
[Date "2012.12.15"]
[Round "1.10"]
[White "Motylev,A"]
[Black "Markauss,Daniels"]
[Result "1-0"]
[WhiteElo "2677"]
[BlackElo "1845"]

1.e4 e5 2.Nf3 Nc6 3.Bb5 a6 4.Ba4 d6 5.Bxc6+ bxc6 6.d4 exd4 7.Nxd4 c5 8.Nc6 Qd7
9.Na5 Nf6 10.O-O Be7 11.Nc3 O-O 12.Bf4 c6 13.Nc4 Qe6 14.Nxd6 Rd8 15.e5 Nd5
16.Qf3 Nxf4 17.Qxf4 Bxd6 18.exd6 Qxd6 19.Rad1 Qe7 20.Qe4 Be6 21.Qxc6 a5 22.Rfe1 Qg5
23.Ne4 Rxd1 24.Qxa8+ Qd8 25.Qxd8+ Rxd8 26.Nxc5 Bxa2 27.Nb7 Rb8 28.Nxa5 g6
29.b3 Rc8 30.Nc4  1-0

[Event "Amplico ch-EUR Rapid"]
[Site "Warsaw POL"]
[Date "2012.12.15"]
[Round "2.10"]
[White "Bieliauskas,M"]
[Black "Motylev,A"]
[Result "0-1"]
[WhiteElo "2138"]
[BlackElo "2677"]

1.d4 d6 2.Nf3 g6 3.c4 Bg7 4.e4 Bg4 5.Be3 c5 6.Nc3 Bxf3 7.gxf3 cxd4 8.Bxd4 Bxd4
9.Qxd4 Nf6 10.Nd5 e5 11.Qe3 Nc6 12.O-O-O Nh5 13.Kb1 O-O 14.f4 Qh4 15.f5 Kg7
16.fxg6 hxg6 17.Nc3 Rfd8 18.Nb5 Nf6 19.f3 Ne8 20.Bd3 a6 21.Nc3 Nd4 22.Ne2 Ne6
23.Rhf1 Nf4 24.Nxf4 Qxf4 25.Qxf4 exf4 26.Rf2 Nf6 27.Bf1 Kf8 28.Rfd2 Ke7 29.b3 Rac8
30.Bh3 Rc5 31.Bf1 Rg5 32.b4 Rd7 33.Bh3 Rc7 34.Rxd6 Rxc4 35.Rb6 Rb5 36.Rxb5 axb5
37.a3 Rc3 38.e5 Nh7 39.Bg4 Rxa3 40.Rd7+ Ke8 41.e6 Ng5 42.exf7+ Nxf7 43.Rd4 g5
44.Bh5 Ke7 45.Kb2 Re3 46.Rd5 Ne5 47.Rxb5 Kd6 48.Rxb7 Re2+ 49.Kc3 Rxh2 50.Bg4 Nxg4
51.fxg4 Rg2 52.Kd4 Kc6 53.Rg7 Rxg4 54.Ke4 Rg3 55.Rf7 Kb5 56.Rb7+ Kc4 57.b5 Kc5
58.b6 Kc6 59.Rb8 f3 60.b7 g4 61.Rc8+ Kxb7 62.Rc1 f2  0-1